|
|
|
|
| LEADER |
00000cam a2200000 a 4500 |
| 001 |
vtls010425995 |
| 003 |
SK-MaSNL |
| 005 |
20260302012420.0 |
| 008 |
180216s2011 xo o g 000 pdslo |
| 020 |
|
|
|a 9788081080432
|q (brožované)
|
| 035 |
|
|
|a 41C45CA6-EB9E-4E59-9FBF-BB29DB068ECC
|
| 035 |
|
|
|a urn:nbn:sk:snk-amyfz6
|
| 035 |
|
|
|a urn:nbn:sk:snk-am00clud
|
| 040 |
|
|
|a SNK
|b slo
|c SNK
|e AACR2
|
| 041 |
0 |
|
|a slo
|
| 044 |
|
|
|a xo
|c SK
|
| 072 |
|
7 |
|a 821.162.4-1
|x Slovenská poézia
|2 konspekt
|
| 080 |
|
|
|a 821.162.4-1
|2 2011
|
| 080 |
|
|
|a 82:7.092
|2 2011
|
| 080 |
|
|
|a (082)
|2 2011
|
| 111 |
2 |
|
|a Básne
|n (3. :
|d 2011 :
|c Slovensko)
|9 654293
|
| 245 |
1 |
0 |
|a Básne 2011
|b zborník
|c [básne Matúš Bartko ... [et al.]]
|
| 250 |
|
|
|a Vyd. 1.
|
| 260 |
|
|
|a Levice
|b Koloman Kertész Bagala
|c 2011
|
| 300 |
|
|
|a 141 s.
|b portr.
|c 15 cm
|
| 500 |
|
|
|a Biografické údaje o autoroch
|
| 650 |
0 |
7 |
|a slovenská poézia
|2 SNKPH
|9 215422
|
| 650 |
0 |
7 |
|a literárne súťaže
|2 SNKPH
|9 4275
|
| 650 |
0 |
7 |
|a Slovak poetry
|2 SNKPHeng
|9 309303
|
| 650 |
0 |
7 |
|a Literary competitions
|2 SNKPHeng
|9 302809
|
| 655 |
|
7 |
|a zborníky
|2 SNKPH
|9 70165
|
| 655 |
|
7 |
|a Miscellanea
|2 SNKPHeng
|9 265155
|
| 700 |
1 |
|
|a Bartko, Matúš,
|d 1978-
|4 aut
|9 602947
|
| 919 |
|
|
|a 978-80-8108-043-2
|
| 958 |
|
|
|a LX
|
| 999 |
|
|
|c 1009450
|d 1011380
|
| 952 |
|
|
|a SNK
|b SNK
|y PREZ
|7 0
|p 17A1125154
|o snkSE 13205
|i snk2016/18505
|8 3
|g 4.51
|0 0
|1 0
|4 0
|d 2016-08-03
|f 1
|l 0
|r 2026-02-24 12:47:54
|w 2026-02-24
|
| 952 |
|
|
|a SNK
|b SNK
|y VYP
|7 0
|p 17A1125155
|o snkSE 13205 D1
|i snk2016/18506
|8 3
|g 4.51
|0 0
|1 0
|4 0
|d 2016-08-03
|l 0
|r 2026-02-24 12:47:54
|w 2026-02-24
|